| 000 | 00426nam a2200097Ia 4500 | ||
|---|---|---|---|
| 008 | 180130s9999 xx 000 0 und d | ||
| 245 |
_cPaldino, Silvia; Bojic, Iva; Sobolevsky, Stanislav; Ratti, Carlo; Gonzalez, Marta C. _aUrban magnetism through the lens of geo-tagged photography |
||
| 260 | _c2016 | ||
| 300 | _aBook title: Knowledge discovery in databases--Acession number C20553; pages 78-94 | ||
| 650 | _aKNOWLEDGE DISCOVERY | ||
| 999 |
_c354224 _d354224 |
||